|
|
|
|
| LEADER |
00000nam a2200000 a 4500 |
| 001 |
vtls001322615 |
| 003 |
SK-MaSNL |
| 005 |
20260301014656.0 |
| 008 |
240318s1990 xr 0 cze |
| 020 |
|
|
|a 8020101195
|
| 035 |
|
|
|a SNK000275295
|
| 040 |
|
|
|a SNK
|b slo
|c SNK
|e AACR2
|
| 041 |
0 |
|
|a cze
|
| 044 |
|
|
|a CZ
|
| 080 |
|
|
|a 61(73)
|2 1981
|
| 080 |
|
|
|a 61(34)
|2 2001
|
| 100 |
1 |
|
|a Miltner, Vladimír,
|d 1933-1997
|4 aut
|9 69416
|
| 245 |
1 |
0 |
|a Lékařství staré Indie
|c Vladimír Miltner
|
| 250 |
|
|
|a 2. vyd.
|
| 260 |
|
|
|a Praha
|b Avicenum
|c 1990
|
| 300 |
|
|
|a 207, [1] s.
|c 8°
|
| 650 |
0 |
7 |
|a medicína staroindická
|x rozprávanie
|2 SNK
|9 303356
|
| 919 |
|
|
|a 80-201-0119-5
|
| 958 |
|
|
|a RK
|
| 958 |
|
|
|a OND
|
| 999 |
|
|
|c 558992
|d 560922
|
| 952 |
|
|
|t P60, <04>, [BOOK], {604}
|a SNK
|b SNK
|y VYP
|7 0
|p 17A0315994
|o snkIC 114617
|i snkKIP 4103/90
|0 0
|1 0
|4 0
|d 1998-02-27
|l 0
|r 2005-01-02 00:00:00
|w 2026-02-23
|
| 952 |
|
|
|t P60, <04>, [BOOK], {604}
|a SNK
|b SNK
|y NEVYP
|7 0
|p 17A0129283
|o snkIC 114617 D1
|i snkKIP 4104/90
|0 0
|1 1
|4 0
|d 1998-02-27
|l 0
|r 2005-01-02 00:00:00
|w 2026-02-23
|